|
|
|
|
| LEADER |
01278nam a22003372a 4500 |
| 001 |
001717141 |
| 003 |
CZ BrMZK |
| 005 |
20191116122915.0 |
| 007 |
ta |
| 008 |
191116s1928 xo er|||||||||||cze d |
| 015 |
|
|
|z cnb000789051
|
| 020 |
|
|
|q (Váz.)
|
| 035 |
|
|
|a (OCoLC)22559401
|
| 040 |
|
|
|a ABA001
|b cze
|
| 072 |
|
7 |
|a 34
|x Právo
|2 Konspekt
|9 16
|
| 080 |
|
|
|a 340
|2 undef
|
| 100 |
1 |
|
|a Sommer, Otakar,
|d 1885-1940
|7 jk01120417
|4 aut
|
| 245 |
1 |
0 |
|a Prameny soukromého práva římského /
|c napsal Otakar Sommer
|
| 260 |
|
|
|a V Bratislavě :
|b Právnická fakulta university Komenského,
|c 1928
|
| 300 |
|
|
|a viii, 120 s. ;
|c 25 cm
|
| 490 |
1 |
|
|a Knihovna právnické fakulty university Komenského v Bratislavě ;
|v sv. 20
|
| 504 |
|
|
|a Obsahuje bibliografické odkazy a rejstřík
|
| 650 |
0 |
7 |
|a římské právo
|7 ph128319
|2 czenas
|
| 655 |
|
7 |
|a prameny
|7 fd131865
|2 czenas
|
| 655 |
|
7 |
|a studie
|7 fd133597
|2 czenas
|
| 830 |
|
0 |
|a Knihovna právnické fakulty university Komenského v Bratislavě
|
| 910 |
|
|
|a BOA001
|b 2-0066.863,20
|
| 990 |
|
|
|a BK
|
| 991 |
|
|
|b 201911
|
| 996 |
7 |
|
|b 2618731105
|c 2-0066.863,20
|l MZK
|r Sklad / do 24 hodin
|n 1
|w 001768247
|u 000010
|a 1
|e BOA001
|j MZK50
|s A
|
| 996 |
7 |
|
|b 2618731106
|c 2-0066.863,20
|l MZK
|r Sklad / do 24 hodin
|n 0
|w 001768247
|u 000020
|a 1
|e BOA001
|j MZK50
|s A
|